Central Library OPAC University of Rajshahi

আধুনিক ভারতীয় গল্প / (Record no. 40076)

MARC details
000 -LEADER
fixed length control field 00916nam a2200241 a 4500
001 - CONTROL NUMBER
control field 40076
003 - CONTROL NUMBER IDENTIFIER
rucl marc code BD-RjUL
005 - DATE AND TIME OF LATEST TRANSACTION
control field 20211209053130.0
008 - FIXED-LENGTH DATA ELEMENTS--GENERAL INFORMATION
fixed length control field 160421s1985 ii |||| |||| 00| 0 ben d
020 ## - INTERNATIONAL STANDARD BOOK NUMBER
Terms of availability : IRs. 25.00
035 ## - SYSTEM CONTROL NUMBER
System control number (BD-RjUL)40191
040 ## - CATALOGING SOURCE
Original cataloging agency BD-RjUL
Language of cataloging ben
Transcribing agency BD-RjUL
041 ## - LANGUAGE CODE
Language code of text/sound track or separate title ben
082 ## - DEWEY DECIMAL CLASSIFICATION NUMBER
Edition number 23
Classification number 891.443
Author mark and year ADH 1985
245 00 - TITLE STATEMENT
Title আধুনিক ভারতীয় গল্প /
Statement of responsibility, etc. মানবেন্দ্র বন্দোপাধ্যায় সম্পাদিত
260 ## - PUBLICATION, DISTRIBUTION, ETC. (IMPRINT)
Place of publication, distribution, etc. কলিকাতা :
Name of publisher, distributor, etc. ভূর্জপত্র,
Date of publication, distribution, etc. ১৯৮৫
300 ## - PHYSICAL DESCRIPTION
Pagination খন্ড
Size ২৪ সেমি.
505 ## - FORMATTED CONTENTS NOTE
Formatted contents note খন্ড...১
650 ## - SUBJECT ADDED ENTRY--TOPICAL TERM
Topical term or geographic name as entry element বাংলা উপন্যাস
9 (RLIN) 123408
Topical term or geographic name as entry element Bengali Fiction
9 (RLIN) 123409
700 ## - ADDED ENTRY--PERSONAL NAME
Personal name বন্দোপাধ্যায়, মানবেন্দ্র সম্পাদক
942 ## - ADDED ENTRY ELEMENTS (KOHA)
Source of classification or shelving scheme Dewey Decimal Classification
Koha item type Books
Holdings
Lost status Source of classification or shelving scheme Damaged status Not for loan Collection code Permanent Location Current Location Shelving location Date acquired Source of acquisition Cost, normal purchase price Total Checkouts Full call number Date last seen Copy number Koha item type
  Dewey Decimal Classification   Not For Loan Fiction Central Library, University of Rajshahi Central Library, University of Rajshahi Reading Room 19/05/1990 North Bengal Library, Rajshahi 75.00   B 891.443 ADH V-1 1985 21/04/2016 C-1 Books